| Tag |
First Indicator |
Second Indicator |
Subfields |
| LEADER |
00000pam a2200000 a 4500 |
| 001 |
in00000087846 |
| 005 |
20151008063031.0 |
| 008 |
820125s1982 couab b 00000 eng |
| 010 |
|
|
|a 82001907
|
| 020 |
|
|
|a 0865313431 (pbk.) :
|c $20.00
|
| 035 |
|
|
|a (OCoLC)08169729
|
| 035 |
|
|
|9 AAK1440AM
|
| 039 |
0 |
|
|a 2
|b 3
|c 3
|d 3
|e 3
|
| 040 |
|
|
|a DLC
|c DLC
|d TXA
|d UtOrBLW
|
| 049 |
|
|
|a TXAM
|c [1633192]
|
| 050 |
0 |
0 |
|a GF49
|b I57 1982
|
| 082 |
0 |
|
|a 304.2
|2 19
|
| 245 |
0 |
0 |
|a International dimensions of the environmental crisis /
|c edited by Richard N. Barrett.
|
| 264 |
|
1 |
|a Boulder, Colo. :
|b Westview Press,
|c 1982.
|
| 300 |
|
|
|a xviii, 298 pages :
|b illustrations, maps ;
|c 23 cm.
|
| 336 |
|
|
|a text
|b txt
|2 rdacontent
|
| 337 |
|
|
|a unmediated
|b n
|2 rdamedia
|
| 338 |
|
|
|a volume
|b nc
|2 rdacarrier
|
| 490 |
0 |
|
|a A Westview replica edition
|
| 500 |
|
|
|a Papers originally presented in two lecture series at the University of Montana.
|
| 504 |
|
|
|a Includes bibliographies.
|
| 650 |
|
0 |
|a Human ecology.
|
| 650 |
|
0 |
|a Environmental protection.
|
| 650 |
|
0 |
|a Conservation of natural resources.
|
| 700 |
1 |
|
|a Barrett, Richard N.
|
| 999 |
|
|
|a MARS
|
| 999 |
f |
f |
|s deb3c916-9aaf-3045-ab4a-992ef943774f
|i 32a8d94f-77e3-38e2-816a-c03a8e20fb93
|t 0
|
| 952 |
f |
f |
|p ric
|a Texas A&M University
|b Rellis Campus
|c Joint Library Facility
|d Remote Storage
|t 0
|e GF49 I57 1982
|h Library of Congress classification
|i unmediated -- volume
|m A14805977445
|
| 998 |
f |
f |
|a GF49 I57 1982
|t 0
|l Remote Storage
|